COMING THIS FALL: 2013 New TV Shows Quiz Stats

Quiz not verified by Sporcle

Challenge
Share
Tweet
Score 0/27 Timer 08:00
0 Plays Today
% Correct
Marvel's Agents of S.H.I.E.L.D.
69.9%
Sleepy Hollow
67.5%
Mom
67.1%
Dads
61.8%
Brooklyn Nine-Nine
61%
The Blacklist
58.6%
The Goldbergs
57.4%
The Michael J Fox Show
57%
Hostages
48.2%
The Crazy Ones
45.8%
Ironside
45.4%
Trophy Wife
45%
Once Upon a Time in Wonderland
43.4%
The Millers
42.6%
% Correct
We Are Men
40.6%
Sean Saves the World
39.4%
Super Fun Night
38.6%
Almost Human
35.3%
Lucky 7
34.5%
Dracula
31.7%
The Originals
30.5%
Back in the Game
30.1%
The Tomorrow People
29.7%
Reign
28.9%
Welcome to the Family
28.1%
Betrayal
26.5%
Enlisted
19.7%

You're not logged in!

Compare scores with friends on all Sporcle quizzes.
Sign Up with Email
OR
Log In

You Might Also Like...

Show Comments

Extras

Top Quizzes Today


Score Distribution

Your Account Isn't Verified!

In order to create a playlist on Sporcle, you need to verify the email address you used during registration. Go to your Sporcle Settings to finish the process.